TOP 20 Countries in Innovation - Statistics

General Stats
  • This quiz has been taken 69 times
    33 since last reset
  • The average score is 19 of 20
Answers on the Map
Answers color-coded by a green-red scale on the quiz's map according to % correct below.
 
Answer Stats
Country Score % Correct
G Germany 5.6
100%
S Sweden 5.5
100%
U U. K. 5.0
100%
U U. S. A. 5.6
100%
A Austria 5.0
97%
D Denmark 5.1
97%
F Finland 5.7
97%
I Ireland 4.8
97%
J Japan 5.4
97%
N Norway 5.1
97%
S South Korea 4.8
97%
S Switzerland 5.8
97%
B Belgium 5.0
93%
F France 4.9
93%
N Netherlands 5.4
93%
S Singapore 5.3
93%
I Israel 5.7
90%
L Luxembourg 4.9
86%
Q Qatar 4.9
83%
T Taiwan 5.1
79%
No matching quizzes found
Score Distribution
Percent of People with Each Score
Percentile by Number Answered
Your Score History
You have not taken this quiz since the last reset